Least Guessed Countries on 'Countries of the World Quiz' - Statistics

General Stats
  • This quiz has been taken 78 times
  • The average score is 23 of 30
Answers on the Map
Answers color-coded by a green-red scale on the quiz's map according to % correct below.
 
Answer Stats
Country % Correct
Palau
90%
Solomon Islands
90%
Tonga
89%
Vanuatu
89%
Marshall Islands
88%
Saint Lucia
86%
Samoa
86%
Kiribati
85%
Tuvalu
85%
Cape Verde
84%
Federated States of Micronesia
84%
Nauru
84%
Saint Kitts and Nevis
82%
Seychelles
82%
Brunei
81%
São Tomé and Príncipe
81%
Comoros
79%
Saint Vincent and the Grenadines
79%
Mauritius
77%
Bahrain
75%
Equatorial Guinea
75%
Antigua and Barbuda
73%
Djibouti
73%
Grenada
73%
East Timor
67%
Burundi
66%
Gambia
63%
Guinea-Bissau
63%
Gabon
58%
Burkina Faso
53%
No matching quizzes found
Score Distribution
Percent of People with Each Score
Percentile by Number Answered
Your Score History
You have not taken this quiz